书目信息 |
| 题名: |
改变世界的日子
|
|
| 作者: | 孙东梅 著 | |
| 分册: | ||
| 出版信息: | 北京 中央文献出版社 2006 |
|
| 页数: | 172页 | |
| 开本: | 23cm | |
| 丛书名: | ||
| 单 册: | ||
| 中图分类: | A752 , D82 , A752 | |
| 科图分类: | ||
| 主题词: | 外交 , 外交--概况--中国--现代 , 毛泽东--生平事迹 , 毛泽东--传记 | |
| 电子资源: | ||
| ISBN: | 7-5073-1808-7 | |
| 000 | 01099nam0 2200325 450 | |
| 001 | 1235706287 | |
| 005 | 20120928095804.53 | |
| 010 | @a7-5073-1808-7@dCNY32.00 | |
| 100 | @a20061019d2006 em y0chiy50 ea | |
| 101 | 0 | @achi |
| 102 | @aCN@b110000 | |
| 105 | @aa z 000yd | |
| 106 | @ar | |
| 200 | 1 | @a改变世界的日子@e与王海容谈毛泽东外交往事@f孔东梅著@Agai bian shi jie de ri zi |
| 210 | @a北京@c中央文献出版社@d2006 | |
| 215 | @a172页@c照片@d23cm | |
| 330 | @a本书分序幕、1969·初露端倪、1970·有朋远来、1971·小球大球、1972·改变世界等五章,详细勾勒出了毛泽东晚年的外交生活。 | |
| 517 | 1 | @a与王海容谈毛泽东外交往事@Ayu wang hai rong tan mao ze dong wai jiao wang shi |
| 600 | 0 | @a毛泽东@f(1893-1976)@x生平事迹 |
| 600 | 0 | @a毛泽东@f(1893-1976) |
| 606 | 0 | @a外交 |
| 606 | 0 | @a外交@x概况@y中国@z现代 |
| 606 | 0 | @a毛泽东@x生平事迹 |
| 606 | 0 | @a毛泽东@x传记 |
| 690 | @aA752@v4 | |
| 690 | @aD82@v4 | |
| 690 | @aA752@v4 | |
| 701 | 0 | @a孙东梅@c(女)@4著@Asun dong mei |
| 801 | 0 | @aCN@b大连网信软件有限公司图书馆·11@c20120928 |
| 905 | @a10447@dA752@eJY49 | |
| 改变世界的日子:与王海容谈毛泽东外交往事/孔东梅著.-北京:中央文献出版社,2006 |
| 172页:照片;23cm |
| ISBN 7-5073-1808-7:CNY32.00 |
| 本书分序幕、1969·初露端倪、1970·有朋远来、1971·小球大球、1972·改变世界等五章,详细勾勒出了毛泽东晚年的外交生活。 |
| ● |
| 相关链接 |
|
|
|
|
正题名:改变世界的日子
索取号:A752/JY49
 
预约/预借
| 序号 | 登录号 | 条形码 | 馆藏地/架位号 | 状态 | 备注 |
| 1 | 7809371 | 278093714 | 学院路分馆/ [索取号:A752/JY49] | 在馆 | |
| 2 | 7809372 | 278093723 | 学院路分馆/ [索取号:A752/JY49] | 在馆 |